Fortune

Kaydedildi:
Detaylı Bibliyografya
Materyal Türü: Kitap
Dil:Undetermined
Baskı/Yayın Bilgisi: New York Michigan Economic 2019
Konular:
Etiketler: Etiketle
Etiket eklenmemiş, İlk siz ekleyin!
Thư viện lưu trữ: Trung tâm Học liệu Trường Đại học Cần Thơ
LEADER 00378nam a2200157Ia 4500
001 CTU_234233
008 210402s9999 xx 000 0 und d
082 |a 658 
082 |b F745 
245 0 |a Fortune 
260 |a New York 
260 |b Michigan Economic 
260 |c 2019 
650 |a Business 
910 |b vdbang 
980 |a Trung tâm Học liệu Trường Đại học Cần Thơ